| 000 | 00554nam a2200193Ia 4500 | ||
|---|---|---|---|
| 003 | OSt | ||
| 005 | 20260107155845.0 | ||
| 008 | 008 250505s9999 xx 000 0 hin d | ||
| 037 | _aTextbook | ||
| 040 |
_aFEDL _beng _cFEDL |
||
| 041 |
_ahin _2eng |
||
| 082 | _a379.111, IND | ||
| 245 | 0 | _aRashtriya shiksha niti 1986 ki sameeksha samiti ki report: Antim report | |
| 245 | 0 | _cIndia. NPE | |
| 260 |
_aNew Delhi, India _bNPE _c1990 |
||
| 300 | _a363p | ||
| 942 |
_cTB _h379.111, IND _2ddc _n0 |
||
| 999 |
_c1400475 _d1400475 |
||